LEADER 01439njm a2200289 4500 001 000000344323 003 CaOOAMICUS 005 20210215144621.0 008 210215s1958 it opuu s u ita r 040 $aSeMil$bita 245 00$aArturo Benedetti Michelangeli interpreta Mozart. 246 00$aConcerto in Do Maggiore per pianoforte e orchestra K. 415 246 00$aConcerto in Re minore per pianoforte e orchestra K. 466 264 1$a[s.l.] :$bEsquire,$c1958. 300 $a1 CD 500 $aRegistrazioni effettuate dal vivo 650 4$aMusica - Concerti per pianoforte.$0(OLS)http://semarc/subject/49997 700 1 $aCaracciolo, Franco,$e[direttore].$0(OLS)http://semarc/name/113062 700 1 $aOrchestra da Camera "Alessandro Scarlatti" della RAI di Napoli.$0(OLS)http://semarc/name/113061 700 1 $aBenedetti Michelangeli, Arturo,$e[pianoforte].$0(OLS)http://semarc/name/113060 850 $aSeMil 852 $aSeMil$W1$xVenegono$y1$mMM A 5$j224386$B235348$CSeMilBibl$Z2$F235348 $81 996 $6245$aArturo Benedetti Michelangeli interpreta Mozart$9(OLS)http://semarc/title/433419 996 $6246$aConcerto in Do Maggiore per pianoforte e orchestra K. 415$9(OLS)http://semarc/title/433420 996 $6246$aConcerto in Re minore per pianoforte e orchestra K. 466$9(OLS)http://semarc/title/433424 996 $6264$a[s.l.] :$bEsquire$9(OLS)http://semarc/publisher/59562 LEADER 01004nam a2200217 i 4500 001 000000189084 003 CaOOAMICUS 005 20100429000000.0 008 100429s1963 fr u000 u fre u 013 $a167339 040 $aSeMil$bita 100 1 $aLa Bonnardiere, Anne Marie.$0(OLS)http://semarc/name/10409 245 14$aLes douze petits prophètes. 300 $a55 p. 490 0 $aCollection d'Études augustiniennes. Série antiquité 650 4$aBibbia. Antico Testamento. Profeti minori - Citazioni.$0(OLS)http://semarc/subject/35596 773 0 $aLa Bonnardiere, Anne Marie$tBiblia augustiniana. AT.$dParis : Études Augustiniennes, [196-?]-$kCollection d'Études augustiniennes. Série antiquité$w()23317 830 0$aCollection d'Études augustiniennes. Série antiquité.$0(OLS)http://semarc/title/9394 850 $aSeMil 852 $aSeMil$W1$xVenegono$y1$m2T V 161$j139716$B139716$CSeMilBibl$Z2$F151317 $81 996 $6245$aLes douze petits prophètes$9(OLS)http://semarc/title/222917